10 Najwartościowszych Chorwatów - Statystyki

Ogólne statystyki
  • Ten quiz został rozwiązany 67 razy
  • Średni wynik to 4 z 10
Statystyki odpowiedzi
Wartość Piłkarz % Poprawnych
20 mln Rakitić
71%
17,5 mln Perisić
68%
36 mln Kovacić
66%
24 mln Rebić
51%
48 mln Brozović
49%
16 mln Lovren
43%
30,5 mln Kramarić
38%
20 mln Caleta-Car
8%
16 mln Pasalić
6%
17,5 mln Vlasić
5%
Nie znaleziono quizów pasujących do podanych kryteriów
Rozkład punktacji
Procent ludzi z każdym wynikiem
Percentyl według liczby udzielonych odpowiedzi
Twoja historia wyników
Nie rozwiązałeś tego quizu